Loading...
| History - Other History | 0 | 6 | 0 | 2 | 60 | 88 | 119.00 | 2 | 6 |
| History - American History | 0 | 6 | 1 | 2 | 55 | 69 | 105.83 | 3 | 6 |
| History - World History | 0 | 6 | 2 | 1 | 50 | 90 | 118.83 | 2 | 6 |
| Social Science | 0 | 3 | 0 | 0 | 30 | 83 | 103.00 | 0 | 3 |
| History - European History | 0 | 3 | 1 | 1 | 25 | 113 | 117.67 | 1 | 3 |
| Religion | 0 | 2 | 0 | 0 | 20 | 128 | 128.50 | 0 | 2 |
| Current Events | 0 | 1 | 0 | 0 | 10 | 91 | 91.00 | 1 | 1 |
| Geography | 0 | 1 | 0 | 1 | 10 | 126 | 126.00 | 0 | 1 |
| Fine Arts - Painting and Sculpture | 0 | 0 | 0 | 0 | 0 | 0.00 | 0 | 0 | |
| Science - Chemistry | 0 | 0 | 0 | 0 | 0 | 0.00 | 0 | 0 | |
| Literature - European Literature | 0 | 0 | 0 | 0 | 0 | 0.00 | 0 | 0 | |
| Literature - British Literature | 0 | 0 | 0 | 0 | 0 | 0.00 | 0 | 0 | |
| Philosophy | 0 | 0 | 0 | 0 | 0 | 0.00 | 0 | 0 | |
| Pop Culture | 0 | 0 | 0 | 0 | 0 | 0.00 | 0 | 0 | |
| Fine Arts - Other Fine Arts | 0 | 0 | 1 | 0 | -5 | 0.00 | 0 | 0 | |
| Other Academic | 0 | 0 | 1 | 0 | -5 | 0.00 | 0 | 0 | |
| Literature - American Literature | 0 | 0 | 1 | 0 | -5 | 0.00 | 0 | 0 |